00380nam a2200121Ia 45000010005000000080041000050820022000461000011000682450104000792600033001839010027002169990015002431472241024s9999 xx 000 0 und d aRD/370.97293/U55p aUNESCO 0aProyecto para el mejoramiento de la calidad de la Educación de la República Dominicana (MECERD) bRepública Dominicanac2008 a11/5/2011 2:03:56 p.m. c8957d8957